Score 0/16 Timer 06:00
20 Plays Today
% Correct
Bad Santa
(Billy Bob Thornton)
86.8%
The Chronicles of Narnia:
The Lion, The Witch,
and the Wardrobe
(James Cosmo)
85%
Miracle on 34th Street
(Edmund Gwenn)
83.2%
Elf
(Edward Asner)
80.4%
The Santa Clause
(Tim Allen)
80%
The Polar Express
(Tom Hanks)
79.6%
Fred Claus
(Paul Giamatti)
77.8%
The Nightmare Before Christmas
(Ed Ivory)
69.4%
% Correct
A Christmas Story
(Jeff Gillen)
67.4%
Rise of the Guardians
(Alec Baldwin)
67.3%
Arthur Christmas
(Jim Broadbent)
64.8%
Rudolph the Red-Nosed Reindeer
(Stan Francis)
64%
Santa Who?
(Leslie Nielsen)
61.3%
Frosty the Snowman
(Paul Frees)
55.6%
The Year Without a Santa Claus
(Mickey Rooney)
52.2%
Santa Claus is Coming to Town
(Mickey Rooney)
50%
Remove Ads.
Support Sporcle.
Get the best of Sporcle when you Go Orange. This ad-free experience offers more features, more stats, and more fun while also helping to support Sporcle. Thank you for becoming a member.

You're not logged in!

Compare scores with friends on all Sporcle quizzes.
OR
Log In

Show Comments

Extras

Top Quizzes Today


Score Distribution

Your Account Isn't Verified!

In order to create a playlist on Sporcle, you need to verify the email address you used during registration. Go to your Sporcle Settings to finish the process.

Report this User

Report this user for behavior that violates our Community Guidelines.

Details: